[Event "LTU-ch Rapid op"]
[Site "Taujenai"]
[Date "2019.10.19"]
[Round "6.9"]
[White "Salna, Aleksandras"]
[Black "Jonusevicius, Audrius"]
[Result "1-0"]
[WhiteElo "2113"]
[BlackElo "1923"]
[PlyCount "94"]
[EventDate "2019.10.19"]
[EventType "swiss (rapid)"]
[EventRounds "11"]
[EventCountry "LTU"]
[SourceTitle "EXT 2023"]
[Source "ChessBase"]
[SourceDate "2022.10.05"]
[SourceVersion "1"]
[SourceVersionDate "2022.10.05"]
[SourceQuality "1"]

1. d4 d5 2. c4 e6 3. Nf3 Nf6 4. Nc3 g6 5. Bf4 c6 6. e3 Bg7 7. Be2 0-0 8. 0-0 Ne4 9. Qc2 f5 10. Be5 Nd7 11. Bxg7 Kxg7 12. b4 Qe7 13. b5 Nxc3 14. Qxc3 Nf6 15. bxc6 bxc6 16. Ne5 Qd6 17. c5 Qc7 18. Rab1 Bd7 19. Rb3 Rfb8 20. Rfb1 Ne4 21. Qc2 Rxb3 22. Rxb3 Bc8 23. f3 Nf6 24. Qb2 Nd7 25. Nxd7 Qxd7 26. Qa3 Qc7 27. Qb4 Kf6 28. f4 h6 29. a4 g5 30. g3 Kg6 31. h3 h5 32. Kf2 h4 33. Rb1 hxg3+ 34. Kxg3 Kf6 35. Kf3 g4+ 36. hxg4 fxg4+ 37. Kg3 Qh7 38. Bxg4 Ba6 39. Qe1 Qe4 40. Rb2 Rg8 41. Rh2 Bc8 42. Rh6+ Kf7 43. Kh3 Rxg4 44. Kxg4 Qg2+ 45. Qg3 e5+ 46. Kh4 Qe4 47. Qe1 exf4 1-0

[Event "LTU-chT"]
[Site "Lithuania"]
[Date "2016.02.06"]
[Round "4.4"]
[White "Jonusevicius, Audrius"]
[Black "Makackas, Povilas"]
[Result "1/2-1/2"]
[WhiteElo "1992"]
[BlackElo "1660"]
[PlyCount "111"]
[EventDate "2016.01.23"]
[EventType "team-swiss"]
[EventRounds "7"]
[EventCountry "LTU"]
[SourceTitle "CBM 170 Extra"]
[Source "ChessBase"]
[SourceDate "2016.02.25"]
[SourceVersion "1"]
[SourceVersionDate "2016.02.25"]
[SourceQuality "1"]
[WhiteTeam "Kretinga Akmena"]
[BlackTeam "Kaunas TU"]
[WhiteTeamCountry "LTU"]
[BlackTeamCountry "LTU"]

1. Nf3 Nf6 2. d4 e6 3. e3 b6 4. Bd3 Bb7 5. 0-0 Be7 6. Nbd2 d5 7. Ne5 0-0 8. f4 c5 9. c3 Ba6 10. Bxa6 Nxa6 11. Qf3 Rc8 12. Kh1 Nd7 13. Qh3 f5 14. Nxd7 Qxd7 15. Nf3 Bf6 16. Bd2 c4 17. g4 fxg4 18. Qxg4 Nc7 19. Rf2 Ne8 20. Rg1 Nd6 21. Rfg2 Rc7 22. Be1 Nf5 23. Re2 b5 24. a3 a5 25. Bh4 Nxh4 26. Nxh4 Bxh4 27. Qxh4 b4 28. axb4 axb4 29. Reg2 Rf7 30. Rg5 Qe7 31. Qh3 Qf6 32. Rh5 g6 33. Re5 Rfe7 34. Ra1 bxc3 35. bxc3 Rc6 36. Qh6 Qf8 37. Qg5 Rb6 38. f5 Rf7 39. Rf1 Rxf5 40. Rfxf5 exf5 41. Rxd5 h6 42. Qd8 Qxd8 43. Rxd8+ Kf7 44. Rc8 Re6 45. Rxc4 Rxe3 46. Kg2 g5 47. d5 f4 48. Rc6 h5 49. c4 g4 50. c5 f3+ 51. Kf1 Rd3 52. Rd6 Rd1+ 53. Kf2 Rd2+ 54. Kg1 Rd1+ 55. Kf2 Rd2+ 56. Kg1 1/2-1/2

[Event "Klaipede-ch"]
[Site "Klaipeda"]
[Date "2011.02.06"]
[Round "3"]
[White "Galuscak, Viktoras"]
[Black "Jonusevicius, Audrius"]
[Result "1/2-1/2"]
[WhiteElo "1815"]
[BlackElo "2090"]
[PlyCount "114"]
[EventDate "2011.01.04"]
[EventType "tourn"]
[EventRounds "11"]
[EventCountry "LTU"]
[SourceTitle "EXT 2013"]
[Source "ChessBase"]
[SourceDate "2012.11.22"]
[SourceVersion "1"]
[SourceVersionDate "2012.11.22"]
[SourceQuality "1"]

1. e4 c5 2. Nf3 d6 3. d4 cxd4 4. Nxd4 Nc6 5. Nc3 Bd7 6. Be3 Nf6 7. f3 e6 8. Qd2 d5 9. 0-0-0 Bb4 10. Bd3 e5 11. Nxc6 bxc6 12. a3 Bxc3 13. bxc3 Qe7 14. Qf2 Qxa3+ 15. Kd2 dxe4 16. Bc5 Qa5 17. Ra1 Qd8 18. fxe4 Ng4 19. Qg3 Qg5+ 20. Ke1 h5 21. h3 h4 22. Qf3 Nf6 23. Bc4 a5 24. Ke2 Qf4 25. Qxf4 exf4 26. Kf3 g5 27. Rhb1 Be6 28. Bd4 Rh6 29. Bxe6 fxe6 30. Rb6 e5 31. Bf2 Nd7 32. Rb7 c5 33. Rd1 Rd8 34. Ra7 Rc6 35. Rxa5 Ke7 36. Rd5 Rdc8 37. c4 Ke6 38. Rb5 R8c7 39. Kg4 Nf6+ 40. Kf3 Ra6 41. Rdxc5 Rxc5 42. Bxc5 Nd7 43. Bb4 Ra2 44. c3 Ra1 45. Rd5 Nf6 46. Ra5 Re1 47. Ra6+ Kf7 48. Ra7+ Kg6 49. Ra6 Re3+ 50. Kf2 Kf7 51. Ra7+ Ke8 52. Re7+ Kd8 53. Rxe5 Nxe4+ 54. Kg1 Kd7 55. Be7 f3 56. gxf3 Re1+ 57. Kg2 Re2+ 1/2-1/2

[Event "LTU-chT2 1011"]
[Site "Lithuania"]
[Date "2010.11.07"]
[Round "1.32"]
[White "Jukna, Gaivaldas"]
[Black "Jonusevicius, Audrius"]
[Result "1/2-1/2"]
[WhiteElo "1923"]
[BlackElo "2090"]
[PlyCount "163"]
[EventDate "2010.11.06"]
[EventType "team-tourn"]
[EventRounds "9"]
[EventCountry "LTU"]
[SourceTitle "EXT 2012"]
[Source "ChessBase"]
[SourceDate "2011.11.24"]
[SourceVersion "1"]
[SourceVersionDate "2011.11.24"]
[SourceQuality "1"]

1. d4 d5 2. c4 e6 3. Nc3 c6 4. Nf3 Nf6 5. Bf4 dxc4 6. Bxb8 Rxb8 7. Ne5 Bb4 8. e3 Qa5 9. Qc2 Nd5 10. Kd2 Bxc3+ 11. bxc3 f6 12. Nxc4 Qc7 13. Bd3 b5 14. Nb2 b4 15. cxb4 Nxb4 16. Qc5 Nxd3 17. Nxd3 Rb5 18. Qa3 Kf7 19. Rab1 Ra5 20. Qb3 Rd8 21. Rhc1 Qd6 22. Qc4 Ba6 23. Qxc6 Rxa2+ 24. Rb2 Rxb2+ 25. Nxb2 Qb4+ 26. Qc3 Qb5 27. Nd3 e5 28. f3 exd4 29. exd4 Qg5+ 30. Kd1 Bb5 31. Qb3+ Kg6 32. Rc5 Qh4 33. Qxb5 Qxd4 34. Kc2 Qe3 35. Rc7 Kh6 36. Qf5 Qe2+ 37. Kc3 Rxd3+ 38. Qxd3 Qe5+ 39. Kd2 Qxc7 40. h3 Qa5+ 41. Ke2 Qe5+ 42. Kf2 a5 43. Qc4 g6 44. Qh4+ Kg7 45. Qc4 h5 46. h4 Qb2+ 47. Kg3 Qb8+ 48. Kh3 Qd8 49. Qc6 Qe7 50. g4 hxg4+ 51. Kxg4 Kf7 52. Kg3 Qe5+ 53. Kg2 Qe2+ 54. Kg3 Qe1+ 55. Kg2 Qxh4 56. Qd5+ Kg7 57. Qxa5 f5 58. Qd2 f4 59. Qd4+ Qf6 60. Qd7+ Qf7 61. Qd4+ Kh6 62. Qh8+ Kg5 63. Qd8+ Qf6 64. Qd5+ Kh4 65. Qe4 Qb2+ 66. Kf1 Qc1+ 67. Ke2 g5 68. Qe6 Qc2+ 69. Kf1 Qd3+ 70. Kf2 Kh5 71. Qh3+ Kg6 72. Qe6+ Kg7 73. Qe7+ Kh6 74. Qf6+ Qg6 75. Qh8+ Qh7 76. Qf8+ Qg7 77. Qd6+ Kh5 78. Qe6 Qd4+ 79. Ke2 Qb2+ 80. Kf1 Qc1+ 81. Kf2 Qd2+ 82. Kf1 1/2-1/2

[Event "Baltija Cup op 7th"]
[Site "Palanga"]
[Date "2010.06.23"]
[Round "6"]
[White "Jonusevicius, Audrius"]
[Black "Rimeikis, Andrius"]
[Result "0-1"]
[WhiteElo "2091"]
[BlackElo "2040"]
[PlyCount "112"]
[EventDate "2010.06.20"]
[EventType "swiss"]
[EventRounds "8"]
[EventCountry "LTU"]
[SourceTitle "EXT 2022"]
[Source "ChessBase"]
[SourceDate "2021.10.06"]
[SourceVersion "1"]
[SourceVersionDate "2021.10.06"]
[SourceQuality "1"]

1. d4 d5 2. Nf3 Nf6 3. e3 e6 4. c4 Be7 5. Bd3 dxc4 6. Bxc4 a6 7. 0-0 0-0 8. Nc3 b5 9. Bb3 Bb7 10. Qe2 c5 11. dxc5 Nbd7 12. c6 Bxc6 13. Nd4 Bb7 14. Bxe6 fxe6 15. Nxe6 Qb6 16. Nxf8 Rxf8 17. a3 Nc5 18. b4 Qc6 19. Qa2+ Kh8 20. f3 Nd3 21. Qc2 Ne5 22. Qb3 Nc4 23. e4 Qb6+ 24. Kh1 Nxe4 25. Nxe4 Bxe4 26. Re1 Bf6 27. Ra2 Bb7 28. Rae2 Bc6 29. Bf4 Qd4 30. Bg3 Rd8 31. Bc7 Rc8 32. Rd1 Qa7 33. Bg3 Qf7 34. Bf2 Re8 35. Qd3 h6 36. Rxe8+ Qxe8 37. Re1 Qd7 38. Rd1 Qxd3 39. Rxd3 Kg8 40. Bc5 Kf7 41. Kg1 Ke8 42. f4 Bb2 43. Rg3 Kf7 44. f5 Bxa3 45. Bd4 Bxb4 46. Rxg7+ Kf8 47. Rg6 Bd6 48. Rxh6 a5 49. h4 b4 50. h5 b3 51. Rf6+ Kg8 52. Rg6+ Kh7 53. g4 Bc5 54. Rxc6 Bxd4+ 55. Kg2 b2 56. Rxc4 b1Q 0-1

[Event "Baltija Cup op 7th"]
[Site "Palanga"]
[Date "2010.06.21"]
[Round "2"]
[White "Jonusevicius, Audrius"]
[Black "Barsciauskas, Gintautas"]
[Result "1-0"]
[WhiteElo "2091"]
[BlackElo "1915"]
[PlyCount "121"]
[EventDate "2010.06.20"]
[EventType "swiss"]
[EventRounds "8"]
[EventCountry "LTU"]
[SourceTitle "EXT 2022"]
[Source "ChessBase"]
[SourceDate "2021.10.06"]
[SourceVersion "1"]
[SourceVersionDate "2021.10.06"]
[SourceQuality "1"]

1. d4 e6 2. Nf3 b6 3. e4 c5 4. d5 exd5 5. Qxd5 Nc6 6. Ne5 Qf6 7. Bc4 Nge7 8. Qxf7+ Qxf7 9. Nxf7 Na5 10. Nd6+ Kd8 11. Be2 Rg8 12. Nc3 Ng6 13. Bg5+ Be7 14. Bxe7+ Nxe7 15. 0-0-0 Rf8 16. f3 Nec6 17. Bb5 Nd4 18. Nd5 Nb7 19. Nxb7+ Bxb7 20. Bd3 h6 21. c3 Bxd5 22. exd5 Nf5 23. Bxf5 Rxf5 24. d6 Re5 25. Rhe1 Re6 26. f4 Rc8 27. f5 Rxe1 28. Rxe1 Rc6 29. Rd1 Ke8 30. Rd5 Kf7 31. Kd2 Kf6 32. Ke3 Rc8 33. Kf4 Re8 34. Rd2 Re1 35. g4 Rf1+ 36. Kg3 Rg1+ 37. Kh4 Re1 38. Kh5 Re3 39. h4 c4 40. Rd5 Rd3 41. g5+ hxg5 42. hxg5+ Kf7 43. Re5 Rxd6 44. Re4 b5 45. a4 a6 46. axb5 axb5 47. Re5 b4 48. Rc5 bxc3 49. bxc3 g6+ 50. fxg6+ Rxg6 51. Rxc4 Rd6 52. Rc7 Kg7 53. c4 Rd1 54. c5 Rh1+ 55. Kg4 Rg1+ 56. Kf5 Rf1+ 57. Ke5 Re1+ 58. Kd6 Rd1+ 59. Ke7 Rd5 60. Rxd7 Rxc5 61. Kd6+ 1-0

[Event "Baltija Cup op 7th"]
[Site "Palanga"]
[Date "2010.06.21"]
[Round "3"]
[White "Malinin, Yuri"]
[Black "Jonusevicius, Audrius"]
[Result "1-0"]
[WhiteElo "2314"]
[BlackElo "2091"]
[PlyCount "77"]
[EventDate "2010.06.20"]
[EventType "swiss"]
[EventRounds "8"]
[EventCountry "LTU"]
[SourceTitle "EXT 2022"]
[Source "ChessBase"]
[SourceDate "2021.10.06"]
[SourceVersion "1"]
[SourceVersionDate "2021.10.06"]
[SourceQuality "1"]

1. d4 d5 2. c4 c6 3. Nf3 e6 4. Nc3 f5 5. Bf4 Bd6 6. e3 Nf6 7. Bd3 0-0 8. 0-0 Ne4 9. Rc1 Bxf4 10. exf4 Nd7 11. cxd5 exd5 12. b4 Qb6 13. Qb3 Nxc3 14. Rxc3 a6 15. a4 Nf6 16. b5 axb5 17. axb5 cxb5 18. Rc5 Ra5 19. Rb1 Qd6 20. Ne5 Ra4 21. Rbc1 Be6 22. Rxb5 Rxd4 23. Rb6 Qe7 24. Rxb7 Nd7 25. Qc3 Rxf4 26. Bb5 d4 27. Qd2 Re4 28. Nxd7 Bd5 29. Rbc7 Rg4 30. f3 Bxf3 31. Nxf8 Qd6 32. Bc4+ Kxf8 33. Rf7+ Ke8 34. Re1+ Be4 35. Rxf5 Kd7 36. Bb5+ Ke6 37. Rg5 Rf4 38. Bd3 Kf6 39. Rxe4 1-0

[Event "LTU-chT2"]
[Site "Lithuania"]
[Date "2010.04.11"]
[Round "9.33"]
[White "Jonusevicius, Audrius"]
[Black "Simanauskas, Algirdas"]
[Result "1-0"]
[WhiteElo "2066"]
[BlackElo "1933"]
[PlyCount "59"]
[EventDate "2009.11.07"]
[EventType "team-tourn"]
[EventRounds "9"]
[EventCountry "LTU"]
[SourceTitle "EXT 2022"]
[Source "ChessBase"]
[SourceDate "2021.10.06"]
[SourceVersion "1"]
[SourceVersionDate "2021.10.06"]
[SourceQuality "1"]

1. d4 Nf6 2. c4 e5 3. d5 Bc5 4. Nc3 d6 5. h3 Bf5 6. Bg5 h6 7. Bh4 g5 8. Bg3 Nbd7 9. e3 Bb4 10. f3 Bxc3+ 11. bxc3 e4 12. Ne2 Nc5 13. Nd4 Bd7 14. Be2 Qe7 15. f4 Nd3+ 16. Bxd3 exd3 17. Qxd3 Ne4 18. Bh2 gxf4 19. 0-0 Nc5 20. Qe2 fxe3 21. Rf3 0-0-0 22. Rxe3 Qf8 23. Rf1 Re8 24. Rxe8+ Qxe8 25. Qxe8+ Bxe8 26. Bg3 Rg8 27. Nf5 Rg5 28. Bh4 Rh5 29. g4 Rxh4 30. Nxh4 1-0

[Event "LTU-chT1 0809 fin A 4th"]
[Site "Lithuania"]
[Date "2009.03.15"]
[Round "9.14"]
[White "Bieliauskas, Marius"]
[Black "Jonusevicius, Audrius"]
[Result "1-0"]
[WhiteElo "2131"]
[BlackElo "2111"]
[PlyCount "119"]
[EventDate "2009.02.08"]
[EventType "team-tourn"]
[EventRounds "4"]
[EventCountry "LTU"]
[SourceTitle "EXT 2024"]
[Source "ChessBase"]
[SourceDate "2023.10.10"]
[SourceVersion "1"]
[SourceVersionDate "2023.10.10"]
[SourceQuality "1"]
[WhiteTeam "Kaunas Trys nuliai"]
[BlackTeam "Kretinga Akmena"]
[WhiteTeamCountry "LTU"]
[BlackTeamCountry "LTU"]

1. d4 d5 2. Nf3 Nf6 3. c4 c6 4. Nc3 e6 5. e3 Bd6 6. Bd3 Nbd7 7. 0-0 0-0 8. e4 dxe4 9. Nxe4 Nxe4 10. Bxe4 Nf6 11. Bc2 c5 12. Qd3 cxd4 13. Bg5 g6 14. Qxd4 Be7 15. Qh4 Re8 16. Rad1 Nd7 17. Rfe1 a5 18. Ba4 f6 19. Bh6 Bb4 20. Re3 Qe7 21. a3 Bc5 22. Red3 Rd8 23. Bf4 Bb6 24. Bd6 Qg7 25. Bg3 e5 26. c5 Bc7 27. Qc4+ Kh8 28. Rd5 Qe7 29. Qc2 Nf8 30. Rxd8 Bxd8 31. h3 Bf5 32. Qc3 Bc7 33. Bc2 Bxc2 34. Qxc2 Ne6 35. c6 bxc6 36. Qxc6 Rd8 37. Rxd8+ Nxd8 38. Qe4 Qc5 39. Kh2 f5 40. Bxe5+ Kg8 41. Qf4 Ne6 42. Qg3 f4 43. Qg4 Kf7 44. Bxc7 Qxc7 45. Ng5+ Nxg5 46. Qxg5 Kg7 47. f3 h6 48. Qd5 g5 49. b4 axb4 50. axb4 Qc3 51. b5 Qb2 52. Qc5 Qb1 53. Qe5+ Kf7 54. Qd5+ Kg7 55. Qe5+ Kf7 56. h4 Qg6 57. Qc7+ Kf8 58. b6 Qh5 59. Qc8+ Ke7 60. b7 1-0

[Event "LTU-chT1 0809 fin A 4th"]
[Site "Lithuania"]
[Date "2009.02.08"]
[Round "6.14"]
[White "Jonusevicius, Audrius"]
[Black "Slusnys, Evaldas"]
[Result "1-0"]
[WhiteElo "2111"]
[BlackElo "1874"]
[PlyCount "57"]
[EventDate "2009.02.08"]
[EventType "team-tourn"]
[EventRounds "4"]
[EventCountry "LTU"]
[SourceTitle "EXT 2024"]
[Source "ChessBase"]
[SourceDate "2023.10.10"]
[SourceVersion "1"]
[SourceVersionDate "2023.10.10"]
[SourceQuality "1"]
[WhiteTeam "Kretinga Akmena"]
[BlackTeam "Vilnius LASF"]
[WhiteTeamCountry "LTU"]
[BlackTeamCountry "LTU"]

1. d4 Nf6 2. c4 e6 3. Nc3 d5 4. cxd5 exd5 5. Nf3 c6 6. g3 Bd6 7. Bg2 0-0 8. 0-0 Bf5 9. Nh4 Qd7 10. Nxf5 Qxf5 11. Qb3 b5 12. Bd2 Nbd7 13. Rac1 Rac8 14. e3 Nb6 15. Ne2 Nc4 16. Bb4 Bxb4 17. Qxb4 a5 18. Qc3 Rfe8 19. b3 Nd6 20. Qxa5 Nfe4 21. Qb4 Qd7 22. Rc2 Rc7 23. Nf4 g5 24. Nd3 Qf5 25. Rfc1 Re6 26. Rxc6 Nxf2 27. Nxf2 Rxc6 28. Rxc6 Qb1+ 29. Bf1 1-0

[Event "Klaipeda-ch"]
[Site "Klaipeda"]
[Date "2001.??.??"]
[Round "?"]
[White "Beinoras, Mindaugas"]
[Black "Jonusevicius, Audrius"]
[Result "1-0"]
[WhiteElo "2095"]
[BlackElo "2114"]
[PlyCount "103"]
[EventDate "2001.??.??"]
[EventType "tourn"]
[EventRounds "11"]
[EventCountry "LTU"]
[SourceTitle "EXT 2005"]
[Source "ChessBase"]
[SourceDate "2004.11.15"]
[SourceVersion "1"]
[SourceVersionDate "2004.11.15"]
[SourceQuality "1"]

1. d4 d5 2. c4 e6 3. Nc3 c6 4. e4 dxe4 5. Nxe4 Nf6 6. Nxf6+ Qxf6 7. a3 e5 8. Qe2 Nd7 9. f4 e4 10. Qxe4+ Be7 11. Nf3 Nb6 12. Bd3 Bd7 13. 0-0 0-0-0 14. Qe5 Bg4 15. Be3 Rhe8 16. Qxf6 Bxf6 17. Ne5 Be6 18. Rac1 Kb8 19. Rfd1 h6 20. b3 g5 21. Be4 Bg7 22. Bxc6 bxc6 23. Nxc6+ Kc7 24. Nxd8 Kxd8 25. Kf2 Bg4 26. Rd2 Bf8 27. b4 Nd7 28. fxg5 hxg5 29. Bxg5+ f6 30. Bf4 Re4 31. g3 a6 32. Re1 Rxe1 33. Kxe1 a5 34. c5 axb4 35. axb4 Kc8 36. Kf2 Kb7 37. b5 Nb8 38. c6+ Nxc6 39. bxc6+ Kxc6 40. d5+ Kc5 41. d6 Bd7 42. h4 f5 43. h5 Bg7 44. h6 Bh8 45. h7 Kc6 46. Be3 f4 47. Bd4 fxg3+ 48. Kxg3 Bf5 49. Bxh8 Kd7 50. Rf2 Be4 51. Rf7+ Kxd6 52. Be5+ 1-0

[Event "Plunge op"]
[Site "Plateliai"]
[Date "2001.??.??"]
[Round "?"]
[White "Ciuksyte, Dagne"]
[Black "Jonusevicius, Audrius"]
[Result "1-0"]
[WhiteElo "2221"]
[BlackElo "2114"]
[PlyCount "61"]
[EventDate "2001.07.??"]
[EventType "swiss"]
[EventRounds "9"]
[EventCountry "LTU"]
[SourceTitle "EXT 2005"]
[Source "ChessBase"]
[SourceDate "2004.11.15"]
[SourceVersion "1"]
[SourceVersionDate "2004.11.15"]
[SourceQuality "1"]

1. e4 c5 2. Nf3 d6 3. d4 cxd4 4. Nxd4 Nf6 5. Nc3 g6 6. h3 Bg7 7. Bc4 a6 8. a4 Qb6 9. Nf3 Qb4 10. Qe2 Nxe4 11. Qxe4 Bxc3+ 12. bxc3 Qxc3+ 13. Ke2 Bf5 14. Qd4 Qxc2+ 15. Bd2 0-0 16. Rhc1 Qe4+ 17. Qxe4 Bxe4 18. Bh6 Bxf3+ 19. Kxf3 Rd8 20. Rab1 b5 21. Bd5 Ra7 22. Be3 Rad7 23. axb5 axb5 24. Rxb5 e6 25. Bb7 Re7 26. Ke2 f6 27. Rb6 Kf7 28. Bc8 Nd7 29. Rxd6 Ke8 30. Rc7 e5 31. Bxd7+ 1-0